000 00695nam a2200217 4500
003 OSt
005 20260421032739.0
006 a
008 240730b |||||||| |||| 00| 0 eng d
020 _a9780321688354
040 _aDWCL-Main lib.
_cOC
082 _2Fifth edition
_aCirc. 510 B471u 2011
100 _aBennetf, Jeffrey
245 _aUsing and understanding mathematics ; a quantitative reasoning approach /
250 _aFifth edition
260 _aBoston :
_bPearson Education, Inc.,
_cc2011.
300 _axix,
_b(Various paging) : ill. (some col.) :
_c28 cm.
504 _aIncludes index.
650 _a1. mathematics-Textbooks.
942 _2ddc
_n0
_cBK-CIRC
_eFifth edition
_kCirc.
999 _c2986
_d2986